000 00598nam a2200169Ia 4500
005 20250923145109.0
008 008 250917s9999 xx 000 0 eng d
037 _aTextual
040 _aDSWL
_beng
_cDSWL
041 _aeng
_2eng
084 _aYX,Z:p44,N64, N67
_qDSWL
245 0 _aChildren and youth in national planning & development in Asia report of conference of 15 March 1966- Bangkok
_cby United Nations
260 _aNew York
_b United Nation Childrens Fund.
_c1966
300 _ax,228 p.
942 _cTEXL
_hYX,Z:p44,N64, N67
999 _c1447035
_d1447035